| 000 | 00852nam a2200253Ia 4500 | ||
|---|---|---|---|
| 003 | OSt | ||
| 005 | 20220923225118.0 | ||
| 006 | a|||||r|||| 00| 0 | ||
| 007 | ta | ||
| 008 | 220922b |||||||| |||| 00| 0 hin d | ||
| 024 | _a257,500 | ||
| 037 | _cTextual | ||
| 040 |
_aARTS _cARTS _bhin |
||
| 041 |
_2hin _ahin |
||
| 082 | _aY73(Q7):1.2'N5, 152L2 | ||
| 100 |
_aम. अ. करंदीकर _9168385 |
||
| 245 | 0 | _aआधुनिक भारत और इस्लाम | |
| 246 | _aĀdhunik bhārat aur islāma | ||
| 260 |
_aनयी दिल्ली _b ओरिएण्ट लॉग्गमैन _c1972 |
||
| 300 |
_a279पृ. _ccm. |
||
| 650 | _aभारतीय-लोक साहित्य | ||
| 942 |
_hY73(Q7):1.2'N5, 152L2 _cTEXL _2CC |
||
| 999 |
_c376134 _d376134 |
||